000 00788cam a2200253 4500
001 25346
003 BD-RjUL
005 20211209050851.0
008 140318t19681936nyubj b 001 0 eng
035 _a(BD-RjUL)25415
040 _aDLC
_cDLC
_dDLC
_dBD-RjUL
_beng
041 _aeng
082 0 0 _a935
_bCAH 1968
100 1 _aCameron, George G.
_q(George Glenn),
_d1905-1979.
_977924
245 1 0 _aHistory of early Iran /
_cby George G. Cameron.
260 _aNew York :
_bGreenwood Press,
_cc1936 [Reprinting 1968].
300 _axvi, 260 p. :
_bfold. map, geneal. tables. ;
_c23 cm.
504 _aBibliographical footnotes.
651 0 _aIranian Plateau
_xHistory.
_977925
651 0 _aElam
_xHistory.
_977926
942 _2ddc
_cBK
999 _c25346
_d25346